| 000 | 00659nam a2200229 i 4500 | ||
|---|---|---|---|
| 001 | 132404 | ||
| 003 | ES-MaACL | ||
| 005 | 20250827091354.0 | ||
| 007 | t| | ||
| 008 | 070214s1917 xxkf |||| | eng d | ||
| 080 | _a257.6-14/-17 | ||
| 080 | _a821.15-343(082.2) | ||
| 100 | 1 |
_aRolleston, T. W. _999183 |
|
| 245 | 1 | 0 |
_aMyths & legends of the celtic race / _cT. W. Rolleston. |
| 260 |
_aLondon : _bSpottiswoode, Ballantine and Co., _c1917. |
||
| 300 |
_a457 p., 58 lám. ; _c22 cm. |
||
| 500 | _aÍndice. | ||
| 650 | 0 | 4 |
_aMitología celta. _915098 |
| 650 | 7 |
_aLeyendas celtas _2embne _9159754 |
|
| 852 |
_aES-MaACL _jF-6024 |
||
| 999 |
_c132404 _d132404 |
||